أكام المرجان في أحكام الجان / (رقم التسجيلة. 3961)
[ عرض عادي ]
| 000 -الفاتح | |
|---|---|
| حقل البيانات ثابتة الطول | 00740cam a2200193 a 4500 |
| 003 - محدد رقم الضبط | |
| رقم الضبط | SA-RiAUC |
| 005 - وقت وتاريخ اخر تعامل مع التسجيلة | |
| رقم الضبط | 20150408113751.0 |
| 008 - عناصر البيانات ثابتة الطول - معلومات عامة | |
| حقل البيانات ثابتة الطول | 970805s1908 ua g 00000 ara c |
| 040 ## - مصدر الفهرسة | |
| وكالة الفهرسة الأصلية | SA-RiAUC |
| لغة الفهرسة | ara |
| وكالة النسخ | SA-RiAUC |
| 082 04 - رقم تصنيف ديوى العشرى | |
| رقم التصنيف | 243 |
| رقم الطبعة | 21 |
| 100 1# - المدخل الرئيسى - إسم شخصى | |
| الإسم الشخصى | الشبلي، محمد بن عبد الله الشبلي، |
| التواريخ المصاحبة للاسم | 712-769 هـ. |
| 9 (RLIN) | 115 |
| 245 10 - بيان العنوان | |
| العنوان | أكام المرجان في أحكام الجان / |
| بيان المسئوليه,etc | تأليف بدر الدين أبي عبد الله محمد بن عبد الله الشبلي. |
| 250 ## - بيان الطبعة | |
| بيان الطبعة | ط. 1. |
| 260 ## - PUBLICATION, DISTRIBUTION, ETC. (IMPRINT) | |
| مكان الناشر او الموزع | دمشق |
| اسم الناشر او الموزع | دار المامون للتراث |
| تاريخ النشر أو التوزيع | 2009 |
| 300 ## - الوصف المادى | |
| التعداد | 472 ص. ؛ |
| أبعاد الوعاء | 24 سم. |
| 650 #7 - المدخل الاضافى بالموضوع-مصطلح موضوعى | |
| مصطلح موضوعي أو اسم جغرافي كعنصر مدخل | الشياطين والجان |
| مصدر الرأس أو المصطلح | aucsh |
| 9 (RLIN) | 116 |
| 942 ## - عناصر المدخل الإضافي( كوها) | |
| مصدر التصنيف او مخطط الترفيف | Dewey Decimal Classification |
| Koha [default] item type | DVD |
| 949 ## - معلومات معالجة محلية(OCLC) | |
| a | ARUC |
| n | 1 |
| d | 2011/5/16 |
| u | training |
| حالة الفقد | نموذج السعر الفعال | حالة تلف | ليس للاعارة | رقم الطلب | تاريخ الاكتساب | الموقع الحالي | الباركود | الفرع الرئيسي | Date last seen | نوع المادة فى نظام كوها | مصدر التصنيف او خطة الترفيف | Total Checkouts |
|---|---|---|---|---|---|---|---|---|---|---|---|---|
| 2013-03-10 | 243 ô àç | 2011-06-07 | المكتبة المركزية بالمجمعة (CL) | 00063001 | المكتبة المركزية بالمجمعة (CL) | 2013-03-10 | كتاب | Dewey Decimal Classification | ||||
| 2013-03-10 | 243 ô àç | 2011-06-07 | المكتبة المركزية بالمجمعة (CL) | 00063002 | المكتبة المركزية بالمجمعة (CL) | 2013-03-10 | كتاب | Dewey Decimal Classification | ||||
| 2013-03-10 | 243 ô àç | 2011-06-07 | المكتبة المركزية بالمجمعة (CL) | 00063000 | المكتبة المركزية بالمجمعة (CL) | 2013-03-10 | كتاب | Dewey Decimal Classification |
